[Event "106th British-ch 2019"]
[Site "Torquay"]
[Date "2019.07.29"]
[Round "3.25"]
[White "Ledger, Dave J"]
[Black "Longson, Sarah N"]
[Result "0-1"]
[WhiteElo "2168"]
[BlackElo "2095"]
[Annotator "NA"]
[PlyCount "112"]
[EventDate "2019.07.27"]
[EventType "swiss"]
[EventCountry "GBR"]
[SourceTitle "playchess.com"]
[Source "ChessBase"]
[SourceQuality "1"]
[TimeControl "40/5400+30:1800+30"]

1. e4 {[%emt 0:00:00]} e5 {[%emt 0:00:00]} 2. Nf3 {[%emt 0:00:00]} Nc6 {[%emt 0:00:00]} 3. Bb5 {[%emt 0:00:00]} a6 {[%emt 0:00:00]} 4. Ba4 {[%emt 0:00:01]} Nf6 {[%emt 0:00:00]} 5. O-O {[%emt 0:00:41]} b5 {[%emt 0:00:02]} 6. Bb3 {[%emt 0:00:04]} Bc5 {[%emt 0:00:04]} 7. a4 {[%emt 0:02:03]} Rb8 {[%emt 0:00:07]} 8. c3 {[%emt 0:00:42]} d6 {[%emt 0:00:11]} 9. d4 {[%emt 0:00:50]} Bb6 {[%emt 0:00:08]} 10. a5 {[%emt 0:01:07]} Ba7 {[%emt 0:00:16]} 11. h3 {[%emt 0:01:04]} O-O {[%emt 0:00:14]} 12. Be3 {[%emt 0:00:17]} Ra8 {[%emt 0:00:08]} 13. Nbd2 {[%emt 0:01:48]} exd4 {[%emt 0:00:45]} 14. cxd4 {[%emt 0:01:23]} Nb4 {[%emt 0:00:34]} 15. Bg5 {[%emt 0:07:28]} h6 {[%emt 0:06:55]} 16. Bh4 {[%emt 0:01:46]} g5 {[%emt 0:16:32]} 17. Bg3 {[%emt 0:11:19]} Bb7 {[%emt 0:00:30]} 18. Qb1 {[%emt 0:00:30]} c5 {[%emt 0:00:30]} 19. e5 {[%emt 0:00:30]} Nfd5 {[%emt 0:00:30]} 20. Ne4 {[%emt 0:00:30]} c4 {[%emt 0:00:30]} 21. Nxd6 {[%emt 0:00:30]} cxb3 {[%emt 0:00:30]} 22. Nxb7 {[%emt 0:00:30]} Qd7 {[%emt 0:00:30]} 23. Nd6 {[%emt 0:00:30]} Nc2 {[%emt 0:00:30]} 24. Qd1 {[%emt 0:00:30]} Nxa1 {[%emt 0:00:30]} 25. Qxa1 {[%emt 0:00:30]} Qe6 {[%emt 0:00:30]} 26. Qd1 {[%emt 0:00:30]} Rad8 {[%emt 0:00:30]} 27. Qxb3 {[%emt 0:00:30]} Nf4 {[%emt 0:00:30]} 28. Qe3 {[%emt 0:00:30]} Ne2+ {[%emt 0:00:30]} 29. Qxe2 {[%emt 0:00:30]} Rxd6 {[%emt 0:00:30]} 30. Rd1 {[%emt 0:00:30]} Rfd8 {[%emt 0:00:30]} 31. Qe3 {[%emt 0:00:30]} Rd5 {[%emt 0:00:30]} 32. Rc1 {[%emt 0:00:30]} Bxd4 {[%emt 0:00:30]} 33. Nxd4 {[%emt 0:00:30]} Rxd4 {[%emt 0:00:30]} 34. h4 {[%emt 0:00:30]} Rd1+ {[%emt 0:00:30]} 35. Rxd1 {[%emt 0:00:30]} Rxd1+ {[%emt 0:00:30]} 36. Kh2 {[%emt 0:00:30]} Qc4 {[%emt 0:00:30]} 37. hxg5 {[%emt 0:00:30]} Qg4 {[%emt 0:00:30]} 38. Qf4 {[%emt 0:00:30]} Qxf4 {[%emt 0:00:30]} 39. Bxf4 {[%emt 0:00:30]} hxg5 {[%emt 0:00:30]} 40. Be3 {[%emt 0:00:30]} b4 {[%emt 0:00:30]} 41. Bxg5 {[%emt 0:30:30]} Rd5 {[%emt 0:30:30]} 42. Be7 {[%emt 0:00:30]} b3 {[%emt 0:00:30]} 43. Bb4 {[%emt 0:00:30]} Rb5 {[%emt 0:00:30]} 44. Bc3 {[%emt 0:00:30]} Rc5 {[%emt 0:00:30]} 45. Bd4 {[%emt 0:00:30]} Rc4 {[%emt 0:00:30]} 46. Bb6 {[%emt 0:00:30]} Rc2 {[%emt 0:00:30]} 47. Bd4 {[%emt 0:00:30]} Rd2 {[%emt 0:00:30]} 48. Bc3 {[%emt 0:00:30]} Rxf2 {[%emt 0:00:30]} 49. Kg1 {[%emt 0:00:30]} Rc2 {[%emt 0:00:30]} 50. Bd4 {[%emt 0:00:30]} Rc4 {[%emt 0:00:30]} 51. Be3 {[%emt 0:00:30]} Rc3 {[%emt 0:00:30]} 52. Bb6 {[%emt 0:00:30]} Rd3 {[%emt 0:00:30]} 53. Bc5 {[%emt 0:00:30]} Rd5 {[%emt 0:00:30]} 54. Bb4 {[%emt 0:00:30]} Rd4 {[%emt 0:00:30]} 55. Ba3 {[%emt 0:00:30]} Ra4 {[%emt 0:00:30]} 56. Bc5 {[%emt 0:00:30]} Rxa5 {[%emt 0:00:30]} 0-1

[Event "106th British-ch 2019"]
[Site "Torquay"]
[Date "2019.07.29"]
[Round "3.26"]
[White "Holland, Chris Kd"]
[Black "Kahn, Tito"]
[Result "1-0"]
[WhiteElo "2143"]
[BlackElo "1921"]
[Annotator "NA"]
[PlyCount "81"]
[EventDate "2019.07.27"]
[EventType "swiss"]
[EventCountry "GBR"]
[SourceTitle "playchess.com"]
[Source "ChessBase"]
[SourceQuality "1"]
[TimeControl "40/5400+30:1800+30"]

1. c4 {[%emt 0:00:00]} f5 {[%emt 0:00:00]} 2. Nc3 {[%emt 0:00:00]} Nf6 {[%emt 0:00:15]} 3. d4 {[%emt 0:00:59]} e6 {[%emt 0:00:18]} 4. Qc2 {[%emt 0:00:20]} Bb4 {[%emt 0:00:22]} 5. e3 {[%emt 0:03:00]} b6 {[%emt 0:00:29]} 6. f3 {[%emt 0:00:58]} Bb7 {[%emt 0:00:26]} 7. Bd3 {[%emt 0:04:40]} Nh5 {[%emt 0:12:28]} 8. Nh3 {[%emt 0:20:53]} Qh4+ {[%emt 0:03:54]} 9. Nf2 {[%emt 0:00:30]} O-O 10. g3 {[%emt 0:00:30]} Qe7 {[%emt 0:01:00]} 11. Qe2 {[%emt 0:00:30]} c5 {[%emt 0:00:30]} 12. a3 {[%emt 0:00:30]} Bxc3+ {[%emt 0:00:30]} 13. bxc3 {[%emt 0:00:30]} d5 {[%emt 0:00:30]} 14. O-O {[%emt 0:00:30]} Nd7 {[%emt 0:00:30]} 15. cxd5 {[%emt 0:00:30]} exd5 {[%emt 0:00:30]} 16. e4 {[%emt 0:00:30]} Rae8 {[%emt 0:00:30]} 17. e5 {[%emt 0:00:30]} g5 {[%emt 0:00:30]} 18. a4 {[%emt 0:00:30]} Ng7 {[%emt 0:00:30]} 19. Ba3 {[%emt 0:00:30]} Ne6 {[%emt 0:00:30]} 20. a5 {[%emt 0:00:30]} Bc6 {[%emt 0:00:30]} 21. Rfb1 {[%emt 0:00:30]} Qg7 {[%emt 0:00:30]} 22. Bb5 {[%emt 0:00:30]} Bxb5 {[%emt 0:00:30]} 23. Qxb5 {[%emt 0:00:30]} Rf7 {[%emt 0:00:30]} 24. axb6 {[%emt 0:00:30]} axb6 {[%emt 0:00:30]} 25. Bb2 {[%emt 0:00:30]} Rc8 {[%emt 0:00:30]} 26. Qa6 {[%emt 0:00:30]} Rff8 {[%emt 0:00:30]} 27. Qb7 {[%emt 0:00:30]} Nc7 {[%emt 0:00:30]} 28. Qc6 {[%emt 0:00:30]} Rfd8 {[%emt 0:00:30]} 29. Ra7 {[%emt 0:00:30]} Nxe5 {[%emt 0:00:30]} 30. dxe5 {[%emt 0:00:30]} Qxe5 {[%emt 0:00:30]} 31. Qxb6 {[%emt 0:00:30]} d4 {[%emt 0:00:30]} 32. cxd4 {[%emt 0:00:30]} cxd4 {[%emt 0:00:30]} 33. Qh6 {[%emt 0:00:30]} Rd6 {[%emt 0:00:30]} 34. Qxg5+ {[%emt 0:00:30]} Rg6 {[%emt 0:00:30]} 35. Qd2 {[%emt 0:00:30]} Nb5 {[%emt 0:00:30]} 36. Ra5 {[%emt 0:00:30]} Rc5 {[%emt 0:00:30]} 37. Nd3 {[%emt 0:00:30]} Qd6 {[%emt 0:00:30]} 38. Nxc5 {[%emt 0:00:30]} Qxc5 {[%emt 0:00:30]} 39. Rc1 {[%emt 0:00:30]} Qb6 {[%emt 0:00:30]} 40. Rxb5 {[%emt 0:00:30]} Qxb5 {[%emt 0:00:30]} 41. Qxd4 {[%emt 0:30:30]} 1-0

[Event "106th British-ch 2019"]
[Site "Torquay"]
[Date "2019.07.29"]
[Round "3.27"]
[White "Jaufarally, Nadia"]
[Black "Krzyzanowski, Patryk"]
[Result "1/2-1/2"]
[WhiteElo "1944"]
[BlackElo "2114"]
[Annotator "ChessBase"]
[PlyCount "124"]
[EventDate "2019.07.27"]
[EventType "swiss"]
[EventCountry "GBR"]
[SourceTitle "playchess.com"]
[Source "ChessBase"]
[SourceQuality "1"]
[TimeControl "40/5400+30:1800+30"]

1. e4 {[%emt 0:00:00]} c5 {[%emt 0:00:00]} 2. Nf3 {[%emt 0:00:00]} g6 {[%emt 0:00:03]} 3. d4 {[%emt 0:00:00]} cxd4 {[%emt 0:00:11]} 4. Nxd4 {[%emt 0:00:00]} Nc6 {[%emt 0:00:09]} 5. Be3 {[%emt 0:01:10]} Nf6 {[%emt 0:01:02]} 6. Nc3 {[%emt 0:00:23]} Bg7 {[%emt 0:00:11]} 7. Bc4 {[%emt 0:02:10]} Qa5 {[%emt 0:01:35]} 8. O-O {[%emt 0:05:09]} O-O {[%emt 0:00:30]} 9. Bb3 {[%emt 0:01:26]} b5 {[%emt 0:15:19]} 10. a3 {[%emt 0:14:47]} Ng4 {[%emt 0:18:50]} 11. Nxc6 {[%emt 0:14:33]} dxc6 {[%emt 0:01:03]} 12. Bc5 {[%emt 0:00:43]} Qc7 {[%emt 0:02:45]} 13. f4 {[%emt 0:03:34]} a5 {[%emt 0:17:31]} 14. Qf3 {[%emt 0:11:22]} Nf6 {[%emt 0:11:11]} 15. e5 {[%emt 0:16:45]} Nd7 {[%emt 0:02:16]} 16. Bxe7 {[%emt 0:01:15]} Nxe5 {[%emt 0:00:29]} 17. fxe5 {[%emt 0:00:28]} Qxe7 {[%emt 0:00:09]} 18. Qxc6 {[%emt 0:01:24]} Qa7+ {[%emt 0:14:22]} 19. Kh1 {[%emt 0:01:23]} Bd7 {[%emt 0:05:45]} 20. Qd5 {[%emt 0:06:12]} Be6 {[%emt 0:01:34]} 21. Qxb5 {[%emt 0:00:32]} Rab8 {[%emt 0:00:41]} 22. Qa4 {[%emt 0:04:04]} Bxb3 {[%emt 0:01:14]} 23. cxb3 {[%emt 0:00:08]} Qb6 {[%emt 0:01:08]} 24. b4 {[%emt 0:07:11]} axb4 {[%emt 0:00:57]} 25. Nd5 {[%emt 0:00:27]} Qd4 {[%emt 0:00:20]} 26. Ne7+ {[%emt 0:00:23]} Kh8 {[%emt 0:00:16]} 27. Nc6 {[%emt 0:00:19]} Qd7 {[%emt 0:00:18]} 28. axb4 {[%emt 0:00:15]} Rbe8 {[%emt 0:01:08]} 29. Rfd1 {[%emt 0:06:04]} Qc7 {[%emt 0:00:50]} 30. Rac1 {[%emt 0:02:10]} Rc8 {[%emt 0:00:47]} 31. h3 {[%emt 0:00:33]} Rfe8 {[%emt 0:00:47]} 32. Na7 {[%emt 0:00:35]} Qxc1 {[%emt 0:00:15]} 33. Qxe8+ {[%emt 0:00:18]} Rxe8 {[%emt 0:00:20]} 34. Rxc1 {[%emt 0:00:03]} Bxe5 {[%emt 0:00:15]} 35. Re1 {[%emt 0:00:35]} Re6 {[%emt 0:00:29]} 36. b5 {[%emt 0:00:57]} f6 {[%emt 0:01:33]} 37. Nc6 {[%emt 0:00:24]} Kg7 {[%emt 0:00:10]} 38. g4 {[%emt 0:00:40]} h6 {[%emt 0:00:19]} 39. Kg2 {[%emt 0:00:17]} Kf8 {[%emt 0:00:59]} 40. Kf3 {[%emt 0:00:41]} Ke8 {[%emt 0:00:37]} 41. Re4 {[%emt 0:12:28]} Kd7 {[%emt 0:01:26]} 42. Nxe5+ {[%emt 0:00:27]} fxe5 {[%emt 0:00:12]} 43. Rb4 {[%emt 0:07:29]} Rf6+ {[%emt 0:01:23]} 44. Ke3 {[%emt 0:00:24]} Rb6 {[%emt 0:03:49]} 45. Kd3 {[%emt 0:02:17]} Kc7 {[%emt 0:10:00]} 46. Kc4 {[%emt 0:01:58]} Rf6 {[%emt 0:01:52]} 47. Kd5 {[%emt 0:05:11]} Rf4 {[%emt 0:00:40]} 48. Rb3 {[%emt 0:01:21]} e4 {[%emt 0:02:21]} 49. Rc3+ {[%emt 0:00:42]} Kb6 {[%emt 0:02:37]} 50. Rc6+ {[%emt 0:02:01]} Kxb5 {[%emt 0:00:28]} 51. Rxg6 {[%emt 0:00:17]} e3 {[%emt 0:00:27]} 52. Rxh6 {[%emt 0:01:25]} Re4 {[%emt 0:00:23]} 53. Kxe4 {[%emt 0:00:37]} e2 {[%emt 0:00:06]} 54. g5 {[%emt 0:00:15]} e1=Q+ {[%emt 0:00:16]} 55. Kf5 {[%emt 0:00:07]} Qf2+ {[%emt 0:01:21]} 56. Kg6 {[%emt 0:00:22]} Kc6 {[%emt 0:02:31]} 57. Kh7+ {[%emt 0:00:29]} Kd7 {[%emt 0:00:16]} 58. g6 {[%emt 0:00:28]} Qf5 {[%emt 0:02:17]} 59. Kh8 {[%emt 0:00:46]} Qf8+ {[%emt 0:07:24]} 60. Kh7 {[%emt 0:00:05]} Qf5 {[%emt 0:00:47]} 61. Kh8 {[%emt 0:00:06]} Qf8+ {[%emt 0:00:59]} 62. Kh7 {[%emt 0:00:04]} Qf5 {[%emt 0:00:04]} 1/2-1/2

[Event "106th British-ch 2019"]
[Site "Torquay"]
[Date "2019.07.30"]
[Round "4.1"]
[White "Haria, Ravi"]
[Black "Adams, Michael"]
[Result "1/2-1/2"]
[WhiteElo "2430"]
[BlackElo "2690"]
[Annotator "TA"]
[PlyCount "36"]
[EventDate "2019.07.27"]
[EventType "swiss"]
[EventCountry "GBR"]
[SourceTitle "playchess.com"]
[Source "ChessBase"]
[SourceQuality "1"]

{[%evp 19,36,14,18,21,32,16,16,14,13,17,7,25,39,31,44,17,29,11,50]} 1. e4 e5 2. Nf3 Nc6 3. Nc3 Nf6 4. d4 exd4 5. Nxd4 Bb4 6. Nxc6 bxc6 7. Bd3 O-O 8. O-O Re8 9. Bg5 h6 10. Bh4 Be7 11. Re1 {C47: Scotch Four Knights and Four Knights with 4 g3} (11. e5 Nd5 12. Bxe7 Qxe7 13. Qd2 Qb4 14. Rae1 Qf4 15. Qd1 Nxc3 16. bxc3 d5 17. exd6 Bg4 18. Rxe8+ Rxe8 {½-½ (49) Nepomniachtchi,I (2705)-Dominguez Perez,L (2732) Berlin 2015}) 11... Rb8 12. Rb1 d6 13. f4 {[#]} d5 $146 ({Predecessor:} 13... Nd7 14. Bf2 Bh4 15. g3 Bf6 16. e5 dxe5 17. Bxa7 Ra8 18. Be3 exf4 19. Bxf4 {0-1 (27) Zhang,X (2327)-Tan,Z (2523) China 2018}) 14. Bxf6 Bxf6 15. e5 Bh4 16. Rf1 Be7 17. Qh5 Bf8 18. Ne2 g6 1/2-1/2

[Event "106th British-ch 2019"]
[Site "Torquay"]
[Date "2019.07.30"]
[Round "4.2"]
[White "Howell, David W L"]
[Black "Smith, Andrew Philip"]
[Result "1-0"]
[WhiteElo "2697"]
[BlackElo "2147"]
[Annotator "TA"]
[PlyCount "73"]
[EventDate "2019.07.27"]
[EventType "swiss"]
[EventCountry "GBR"]
[SourceTitle "playchess.com"]
[Source "ChessBase"]
[SourceQuality "1"]

{[%evp 18,73,18,15,26,25,39,41,45,38,50,29,68,75,72,68,75,71,85,88,83,62,95,91,84,97,126,115,113,125,145,114,162,153,143,141,127,0,418,394,441,268,357,336,332,274,294,294,371,275,467,472,533,494,625,557,29988,29989]} 1. d4 Nf6 2. Nf3 c5 3. d5 g6 4. Nc3 Bg7 5. e4 d6 6. Bb5+ Bd7 7. a4 O-O 8. h3 Bxb5 9. axb5 Nbd7 10. O-O a6 {A43: Schmid Benoni} (10... Ne8 11. Qe2 Nc7 12. Bf4 Nb6 13. Rfd1 Qd7 14. e5 f6 15. exd6 exd6 16. Ra5 Rfe8 17. Qd3 f5 18. Rda1 {½-½ (40) Navara,D (2725)-Martinovic,S (2550) Tallinn 2016}) 11. bxa6 Rxa6 12. Rxa6 bxa6 {White is slightly better.} 13. Qe2 Qa8 14. b3 $146 ({Predecessor:} 14. Bd2 Qb7 15. b3 Ne8 16. Ra1 {1-0 (38) Salvetti,A-Colombo,A (2415) Lombardia 1991}) 14... Ne8 15. Bb2 Nc7 16. Na4 {[%cal Bc3a4,Ba4b2,Bb2c4,Bc4a5,Ba5c6][%mdl 32]} Rb8 17. Ra1 Rb4 18. Bxg7 Kxg7 19. Nb2 Qh8 20. Nc4 Kg8 21. Re1 {Threatens to win with e5.} Qf6 22. Qd2 Kg7 23. Na5 Rb5 24. Nc6 h6 25. e5 dxe5 26. Nfxe5 Nxe5 27. Rxe5 (27. Nxe5 $16 {aiming for Ng4!} Qd6 28. Qd3) 27... c4 $2 {[%mdl 8192] [#]} (27... Rb6 $1 $11 28. Qe3 e6 29. Qxc5 Nxd5) 28. bxc4 $18 Rb1+ 29. Re1 Rxe1+ 30. Qxe1 Kf8 31. Qa5 Ne8 32. Qxa6 Qf4 33. Qa7 Qf6 $2 (33... Kg7 34. Qa1+ (34. Nxe7 Qc1+ 35. Kh2 Qf4+ 36. g3 Qxc4 $16) 34... Nf6) 34. c5 Qg5 {intending ...Qc1+.} 35. Qa1 {[%cal Ra1h8]} Nf6 36. d6 e6 {[#]} 37. d7 $1 {Accuracy: White = 83%, Black = 18%.} 1-0

[Event "106th British-ch 2019"]
[Site "Torquay"]
[Date "2019.07.30"]
[Round "4.3"]
[White "Houska, Jovanka"]
[Black "Tan, Justin Hy"]
[Result "0-1"]
[WhiteElo "2422"]
[BlackElo "2513"]
[Annotator "ChessBase"]
[PlyCount "96"]
[EventDate "2019.07.27"]
[EventType "swiss"]
[EventCountry "GBR"]
[SourceTitle "playchess.com"]
[Source "ChessBase"]
[SourceQuality "1"]
[TimeControl "40/5400+30:1800+30"]

1. d4 {[%emt 0:00:00]} Nf6 {[%emt 0:00:00]} 2. c4 {[%emt 0:00:21]} e6 {[%emt 0:00:16]} 3. Nf3 {[%emt 0:00:24]} d5 {[%emt 0:00:10]} 4. Nc3 {[%emt 0:00:09]} c6 {[%emt 0:00:48]} 5. e3 {[%emt 0:00:30]} Nbd7 {[%emt 0:00:22]} 6. Bd3 {[%emt 0:00:05]} dxc4 {[%emt 0:00:10]} 7. Bxc4 {[%emt 0:00:04]} b5 {[%emt 0:00:04]} 8. Bd3 {[%emt 0:00:13]} Bb7 {[%emt 0:05:50]} 9. O-O {[%emt 0:05:14]} a6 {[%emt 0:00:05]} 10. e4 {[%emt 0:08:13]} c5 {[%emt 0:00:18]} 11. d5 {[%emt 0:00:22]} Qc7 {[%emt 0:02:43]} 12. Qe2 {[%emt 0:01:59]} c4 {[%emt 0:03:05]} 13. Bc2 {[%emt 0:00:34]} Bd6 {[%emt 0:10:46]} 14. Bg5 {[%emt 0:17:49]} O-O-O {[%emt 0:06:23]} 15. dxe6 {[%emt 0:04:59]} fxe6 {[%emt 0:00:04]} 16. Rad1 {[%emt 0:00:30]} h6 {[%emt 0:05:38]} 17. Bc1 {[%emt 0:05:17]} g5 {[%emt 0:15:50]} 18. Nd4 {[%emt 0:14:18]} Nc5 {[%emt 0:11:23]} 19. b4 {[%emt 0:02:51]} cxb3 {[%emt 0:02:14]} 20. axb3 {[%emt 0:04:16]} Bxh2+ {[%emt 0:01:18]} 21. Kh1 {[%emt 0:00:03]} Be5 {[%emt 0:06:44]} 22. Be3 {[%emt 0:00:24]} Bxd4 {[%emt 0:09:23]} 23. Rxd4 {[%emt 0:02:53]} Rxd4 {[%emt 0:02:40]} 24. Bxd4 {[%emt 0:00:06]} e5 {[%emt 0:00:21]} 25. Be3 {[%emt 0:01:21]} Kb8 {[%emt 0:00:13]} 26. Nd5 {[%emt 0:03:19]} Nxd5 {[%emt 0:00:53]} 27. exd5 {[%emt 0:00:05]} Nd7 {[%emt 0:01:27]} 28. Rd1 {[%emt 0:09:08]} Qd6 {[%emt 0:00:01]} 29. Bf5 {[%emt 0:01:29]} Rd8 {[%emt 0:01:50]} 30. Bc1 {[%emt 0:12:50]} Re8 {[%emt 0:02:43]} 31. Ba3 {[%emt 0:04:35]} Qxa3 {[%emt 0:00:26]} 32. Bxd7 {[%emt 0:00:03]} Re7 {[%emt 0:00:05]} 33. Be6 {[%emt 0:00:03]} Qd6 {[%emt 0:00:24]} 34. Qc2 {[%emt 0:01:11]} Ka7 {[%emt 0:05:16]} 35. Kg1 {[%emt 0:00:25]} b4 {[%emt 0:01:07]} 36. Kh1 {[%emt 0:01:20]} Rc7 {[%emt 0:03:20]} 37. Qg6 {[%emt 0:00:04]} Rc5 {[%emt 0:00:00]} 38. Qf7 {[%emt 0:00:50]} Kb6 {[%emt 0:00:17]} 39. Kg1 {[%emt 0:00:30]} a5 {[%emt 0:00:39]} 40. Kh1 {[%emt 0:00:36]} Rc3 {[%emt 0:01:36]} 41. Rb1 {[%emt 0:11:10]} Rd3 {[%emt 0:05:49]} 42. Rc1 {[%emt 0:00:38]} Rxb3 {[%emt 0:03:09]} 43. Bc8 {[%emt 0:00:08]} Bxd5 {[%emt 0:01:10]} 44. Qh7 {[%emt 0:02:47]} Rc3 {[%emt 0:00:45]} 45. Rxc3 {[%emt 0:02:53]} bxc3 {[%emt 0:00:02]} 46. Qb1+ {[%emt 0:00:17]} Kc5 {[%emt 0:02:35]} 47. Qa1 {[%emt 0:00:21]} Kb4 {[%emt 0:00:19]} 48. Qb1+ {[%emt 0:00:14]} Bb3 {[%emt 0:00:07]} 0-1

[Event "106th British-ch 2019"]
[Site "Torquay"]
[Date "2019.07.30"]
[Round "4.5"]
[White "Emms, John M"]
[Black "Pert, Richard G"]
[Result "1/2-1/2"]
[WhiteElo "2481"]
[BlackElo "2430"]
[Annotator "ChessBase"]
[PlyCount "90"]
[EventDate "2019.07.27"]
[EventType "swiss"]
[EventCountry "GBR"]
[SourceTitle "playchess.com"]
[Source "ChessBase"]
[SourceQuality "1"]
[TimeControl "40/5400+30:1800+30"]

1. e4 {[%emt 0:00:00]} e6 {[%emt 0:00:00]} 2. d4 {[%emt 0:00:00]} d5 {[%emt 0:00:00]} 3. Nd2 {[%emt 0:00:05]} Be7 {[%emt 0:00:00]} 4. Bd3 {[%emt 0:01:10]} c5 {[%emt 0:00:46]} 5. dxc5 {[%emt 0:00:26]} Nf6 {[%emt 0:01:03]} 6. Qe2 {[%emt 0:00:18]} O-O {[%emt 0:01:34]} 7. Ngf3 {[%emt 0:01:14]} a5 {[%emt 0:00:53]} 8. O-O {[%emt 0:00:47]} Na6 {[%emt 0:01:02]} 9. e5 {[%emt 0:00:31]} Nd7 {[%emt 0:00:28]} 10. c3 {[%emt 0:00:13]} Naxc5 {[%emt 0:01:00]} 11. Bc2 {[%emt 0:00:11]} b6 {[%emt 0:01:19]} 12. Re1 {[%emt 0:03:14]} f6 {[%emt 0:01:01]} 13. exf6 {[%emt 0:00:50]} Bxf6 {[%emt 0:00:57]} 14. Nb3 {[%emt 0:01:22]} Ba6 {[%emt 0:01:20]} 15. Qd1 {[%emt 0:01:55]} Ne4 {[%emt 0:02:17]} 16. a4 {[%emt 0:02:43]} Ndc5 {[%emt 0:30:42]} 17. Nxc5 {[%emt 0:10:54]} bxc5 {[%emt 0:04:09]} 18. Bxe4 {[%emt 0:09:19]} dxe4 {[%emt 0:00:06]} 19. Qxd8 {[%emt 0:00:12]} Rfxd8 {[%emt 0:00:17]} 20. Ng5 {[%emt 0:09:38]} Bxg5 {[%emt 0:03:11]} 21. Bxg5 {[%emt 0:00:45]} Rd5 {[%emt 0:00:16]} 22. Bf4 {[%emt 0:04:56]} Bd3 {[%emt 0:02:00]} 23. c4 {[%emt 0:02:25]} Bxc4 {[%emt 0:04:30]} 24. Rxe4 {[%emt 0:00:48]} Rd4 {[%emt 0:00:39]} 25. f3 {[%emt 0:11:49]} Rxe4 {[%emt 0:08:03]} 26. fxe4 {[%emt 0:00:04]} Bd3 {[%emt 0:00:11]} 27. b3 {[%emt 0:06:39]} Bxe4 {[%emt 0:01:23]} 28. Rc1 {[%emt 0:01:00]} Rc8 {[%emt 0:08:30]} 29. Be3 {[%emt 0:08:40]} Bd5 {[%emt 0:00:48]} 30. Rxc5 {[%emt 0:01:09]} Rxc5 {[%emt 0:00:09]} 31. Bxc5 {[%emt 0:00:06]} Bxb3 {[%emt 0:00:07]} 32. Bb6 {[%emt 0:00:07]} Bxa4 {[%emt 0:00:08]} 33. Bxa5 {[%emt 0:00:04]} Kf7 {[%emt 0:03:05]} 34. h4 {[%emt 0:01:09]} Kf6 {[%emt 0:00:36]} 35. g3 {[%emt 0:00:31]} Kf5 {[%emt 0:00:38]} 36. Kf2 {[%emt 0:00:06]} Ke4 {[%emt 0:00:28]} 37. Bb6 {[%emt 0:00:25]} Be8 {[%emt 0:00:49]} 38. Ba7 {[%emt 0:00:45]} Bh5 {[%emt 0:00:29]} 39. Bb6 {[%emt 0:00:14]} Bg4 {[%emt 0:00:18]} 40. Ba7 {[%emt 0:00:12]} e5 {[%emt 0:00:40]} 41. Bb6 {[%emt 0:30:35]} Kf5 {[%emt 0:30:29]} 42. Ba7 {[%emt 0:01:13]} e4 {[%emt 0:00:17]} 43. Bd4 {[%emt 0:00:37]} g5 {[%emt 0:00:15]} 44. hxg5 {[%emt 0:00:13]} Kxg5 {[%emt 0:00:07]} 45. Be3+ {[%emt 0:00:15]} Kf5 {[%emt 0:00:29]} 1/2-1/2

[Event "106th British-ch 2019"]
[Site "Torquay"]
[Date "2019.07.30"]
[Round "4.6"]
[White "Zapolskis, Antanas"]
[Black "Williams, Simon K"]
[Result "0-1"]
[WhiteElo "2290"]
[BlackElo "2468"]
[Annotator "ChessBase"]
[PlyCount "98"]
[EventDate "2019.07.27"]
[EventType "swiss"]
[EventCountry "GBR"]
[SourceTitle "playchess.com"]
[Source "ChessBase"]
[SourceQuality "1"]
[TimeControl "40/5400+30:1800+30"]

1. e4 {[%emt 0:00:00]} g6 {[%emt 0:00:00]} 2. d4 {[%emt 0:00:00]} Bg7 {[%emt 0:00:33]} 3. Nc3 {[%emt 0:00:44]} d6 {[%emt 0:00:49]} 4. Be3 {[%emt 0:01:08]} a6 {[%emt 0:00:33]} 5. a4 {[%emt 0:04:53]} b6 {[%emt 0:00:43]} 6. Qd2 {[%emt 0:06:42]} Bb7 {[%emt 0:02:36]} 7. f3 {[%emt 0:01:30]} Nf6 {[%emt 0:12:36]} 8. Bh6 {[%emt 0:01:26]} Bxh6 {[%emt 0:00:27]} 9. Qxh6 {[%emt 0:00:09]} e5 {[%emt 0:00:24]} 10. dxe5 {[%emt 0:04:09]} dxe5 {[%emt 0:00:12]} 11. Bc4 {[%emt 0:00:12]} Nbd7 {[%emt 0:19:19]} 12. Nh3 {[%emt 0:08:05]} Ng8 {[%emt 0:06:19]} 13. Qe3 {[%emt 0:27:32]} Qh4+ {[%emt 0:05:30]} 14. Nf2 {[%emt 0:00:21]} Qh6 {[%emt 0:00:21]} 15. Qe2 {[%emt 0:00:23]} Ngf6 {[%emt 0:00:46]} 16. O-O {[%emt 0:05:10]} Qf8 {[%emt 0:05:18]} 17. Nd3 {[%emt 0:00:25]} Qe7 {[%emt 0:01:15]} 18. f4 {[%emt 0:05:46]} O-O {[%emt 0:01:02]} 19. Nd5 {[%emt 0:04:48]} Nxd5 {[%emt 0:01:24]} 20. exd5 {[%emt 0:00:09]} e4 {[%emt 0:01:33]} 21. f5 {[%emt 0:00:43]} Rae8 {[%emt 0:04:57]} 22. Rae1 {[%emt 0:01:37]} Nf6 {[%emt 0:04:19]} 23. Kh1 {[%emt 0:16:39]} Qd6 {[%emt 0:02:39]} 24. Nf4 {[%emt 0:00:13]} a5 {[%emt 0:02:36]} 25. Bb5 {[%emt 0:04:26]} Re5 {[%emt 0:00:10]} 26. fxg6 {[%emt 0:00:09]} hxg6 {[%emt 0:00:22]} 27. c4 {[%emt 0:00:09]} Kg7 {[%emt 0:00:48]} 28. Qf2 {[%emt 0:00:40]} Rh8 {[%emt 0:04:45]} 29. Qg3 {[%emt 0:00:26]} Bc8 {[%emt 0:01:42]} 30. h3 {[%emt 0:03:24]} Rf5 {[%emt 0:05:07]} 31. Ne2 {[%emt 0:00:34]} Rxf1+ {[%emt 0:09:56]} 32. Rxf1 {[%emt 0:00:05]} Qxg3 {[%emt 0:01:49]} 33. Nxg3 {[%emt 0:00:03]} Rh4 {[%emt 0:00:06]} 34. Re1 {[%emt 0:01:05]} Kf8 {[%emt 0:00:57]} 35. Kg1 {[%emt 0:00:40]} Ke7 {[%emt 0:01:28]} 36. Kf2 {[%emt 0:00:16]} Kd6 {[%emt 0:00:08]} 37. Ke3 {[%emt 0:00:10]} Ke5 {[%emt 0:00:11]} 38. Nf1 {[%emt 0:01:21]} Nd7 {[%emt 0:01:08]} 39. Kf2 {[%emt 0:01:39]} f5 {[%emt 0:00:20]} 40. Nd2 {[%emt 0:00:12]} Kd6 {[%emt 0:00:30]} 41. Nf3 {[%emt 0:03:43]} Rh8 {[%emt 0:00:58]} 42. Ng5 {[%emt 0:13:39]} Ne5 {[%emt 0:00:17]} 43. c5+ {[%emt 0:10:27]} bxc5 {[%emt 0:00:35]} 44. g3 {[%emt 0:00:32]} c4 {[%emt 0:01:06]} 45. Ke3 {[%emt 0:02:08]} Kxd5 {[%emt 0:00:18]} 46. Rd1+ {[%emt 0:03:02]} Kc5 {[%emt 0:00:17]} 47. Ba6 {[%emt 0:01:09]} Bxa6 {[%emt 0:00:40]} 48. Ne6+ {[%emt 0:00:01]} Kb6 {[%emt 0:00:27]} 49. Rd5 {[%emt 0:00:31]} Nd3 {[%emt 0:00:20]} 0-1